| 000 | 00864cam a2200241 a 4500 | ||
|---|---|---|---|
| 001 | 000025012 | ||
| 005 | 20200930023516.0 | ||
| 008 | 901219s1984 cu 000 | spa d | ||
| 040 |
_aDO-SdBNP _bspa _cBNPHU |
||
| 082 |
_a928.85 _bV422P |
||
| 100 | 1 |
_aPadura, Leonardo _934815 |
|
| 245 | 1 | 0 |
_aCon la espada y con la pluma : _bcomentarios al Inca Garcilaso de la Vega / _cLeonardo Padura; edición Amado Córdova. |
| 260 |
_aHabana : _bEditorial Letras Cubanas, _c1984. |
||
| 300 |
_a266 p. ; _c18 cm. |
||
| 490 | 1 | _aEspiral | |
| 504 | _aBibliografía : p. 263-266 | ||
| 500 | _aIncluye referencias bibliográficas y notas al pie de páginas | ||
| 600 | 1 | 4 |
_aVEGA, GARCILAZO DE LA, 1494-1536, _xBIOGRAFÍA _951323 |
| 650 | 4 |
_aPoesía española _9631 |
|
| 650 | 4 |
_aLiteratura española _9632 |
|
| 700 | 1 |
_aCórdova , Amado _eed. _951324 |
|
| 830 | 0 |
_aEspiral _914718 |
|
| 999 |
_c24505 _d24505 |
||